000 01021cam a22002054a 4500
005 20250605164327.0
008 250528s ||||||||||||||||||||||||d
035 _a23100
020 _a750600527
040 _aGR-AtMCL
_bgre
_dGR-AtMCL
_eAACR2
245 1 _aFunctional Anatomy of the Spine
260 _bButterworth Heinemann,
_c1991
300 _a328
520 _aThis book aims to provide therapists with the background knowledge they require before they can safely and accurately treat patients with musculosceletal disorders of the spine. Preface, Structure of the Vertebral Column, Intervertebral Discs, Muscles of the Vertebral Column, Blood Supply of the Spinal Cord and Vertebral Column, Normal Movement, Sacroiliac Joints, Innervation of the Vertebral Column, Biomechanics of the Spinal Cord and Meninges, Embryology and Development and Ageing and Degeneration, Posture, Index.
700 1 _aMiddleditch Alison
_98652
700 1 _aOliver Jean
_98653
942 _cBK
999 _c8130
_d8130